RIVISTA DI VITA SPIRITUALE. N. I. ANNO XXV. GENNAIO FEBBRAIO 1971. (Record no. 321308)

MARC details
000 -LEADER
fixed length control field 01442nas a2200277Ia 4500
001 - CONTROL NUMBER
control field R240-R3209
003 - CONTROL NUMBER IDENTIFIER
control field IT-CnALBA
008 - FIXED-LENGTH DATA ELEMENTS--GENERAL INFORMATION
fixed length control field 170116c99999999xx |||||||||||| ||und||
040 ## - CATALOGING SOURCE
Original cataloging agency IT-CnALBA
Transcribing agency IT-CnALBA
041 ## - LANGUAGE CODE
Language code of text/sound track or separate title ITALIANO
999 ## - SYSTEM CONTROL NUMBERS (KOHA)
Koha Dewey Subclass [OBSOLETE] NO
100 ## - MAIN ENTRY--PERSONAL NAME
Personal name MARCHETTI ALBINO
210 ## - ABBREVIATED TITLE
Abbreviated title RIVISTA DI VITA SPIRITUALE
222 ## - KEY TITLE
Key title RIVISTA DI VITA SPIRITUALE
245 #0 - TITLE STATEMENT
Title RIVISTA DI VITA SPIRITUALE. N. I. ANNO XXV. GENNAIO FEBBRAIO 1971.
250 ## - EDITION STATEMENT
Edition statement 1a ed.
260 ## - PUBLICATION, DISTRIBUTION, ETC. (IMPRINT)
Place of publication, distribution, etc. ROMA
Name of publisher, distributor, etc. TERESIANUM EDIZIONI PONT. UNIV.
Date of publication, distribution, etc. 1971
300 ## - PHYSICAL DESCRIPTION
Extent 96 p.
310 ## - CURRENT PUBLICATION FREQUENCY
Current publication frequency BIMESTRALE
362 ## - DATES OF PUBLICATION AND/OR SEQUENTIAL DESIGNATION
Dates of publication and/or sequential designation Fascicolo: 1 / Anno: 25 (1971)
500 ## - GENERAL NOTE
General note HUMER G. BENIAMINO DELLA SS. TRINITÀ. BETTATI F. BETTATI G. PIGNA A. RECENSIONI. DIETRICH VON HILDEBRAND. VISIONE DI DIO. CONFIDENZA. MOVIMENTO MONDO MIGLIORE. ISTITUTI SECOLARI. VITA RELIGIOSA. SEMINARISTI E PRETI. SPIRITUALITÀ DI PAOLO VI. PREGHIERA. ESODO DI ISRAELE. FUGA O CONSACRAZIONE DEL MONDO.
501 ## - WITH NOTE
With note Società San Paolo EM - Piazza San Paolo, 14 - 12051 ALBA (CN) (non commercial uses only) ® Copyright 2017
520 ## - SUMMARY, ETC.
Summary, etc. HUMER G. BENIAMINO DELLA SS. TRINITÀ. BETTATI F. BETTATI G. PIGNA A. RECENSIONI. DIETRICH VON HILDEBRAND. VISIONE DI DIO. CONFIDENZA. MOVIMENTO MONDO MIGLIORE. ISTITUTI SECOLARI. VITA RELIGIOSA. SEMINARISTI E PRETI. SPIRITUALITÀ DI PAOLO VI. PREGHIERA. ESODO DI ISRAELE. FUGA O CONSACRAZIONE DEL MONDO.
650 ## - SUBJECT ADDED ENTRY--TOPICAL TERM
Topical term or geographic name as entry element TEOLOGIA SPIRITUALE
942 ## - ADDED ENTRY ELEMENTS (KOHA)
Koha item type RIVISTA
957 ## -
-- 1
999 ## - SYSTEM CONTROL NUMBERS (KOHA)
-- 1
Holdings
Withdrawn status Lost status Damaged status Not for loan Home library Current library Date acquired Total Checkouts Full call number Date last seen Price effective from Koha item type Public note
    Buone Condizioni Not For Loan ALBA - Biblioteca ALBA - Biblioteca 16/01/2017   R240-R3209 16/01/2017 16/01/2017 RIVISTA (data import: 16 gennaio 2017) - By Epidotti, Vaglietti.
CREDITS: SOCIETA' SAN PAOLO Via A.Severo, 58 - ROMA (RM) & PERIODICI SAN PAOLO SRL Via Giotto, 36 MILANO & CISF Via Giotto, 36 MILANO & EDIZIONI SAN PAOLO SRL,  Piazza Soncino, 5 CINISELLO BALSAMO (MI) -- ITALY